[Event "DEM U12/U12w 2014"]
[Site "Magdeburg GER"]
[Date "2014.06.13"]
[Round "10"]
[White "Bosselmann, Tom Linus"]
[Black "Rosenhain, Rachela"]
[Result "0-1"]
[Termination "normal"]
[Board "27"]
[WhiteElo "1430"]
[BlackElo "1659"]
[PlyCount "90"]
[WhiteFideId "12983845"]
[BlackFideId "12957615"]
[EventCountry "GER"]
[EventRounds "11"]
[EventType "swiss"]
[EventDate "2014.06.07"]

1. e4 e5 2. Qh5 Nc6 3. Bc4 Qe7 4. Nc3 Nf6 5. Qd1 Qd8 6. d3 Be7 7. Nf3 O-O 8.
O-O d6 9. h3 Be6 10. Bb3 Bxb3 11. axb3 Qd7 12. Be3 a6 13. d4 exd4 14. Nxd4 Nxd4
15. Qxd4 Rad8 16. Rfd1 Qc6 17. Rac1 Rfe8 18. Nd5 Nxd5 19. exd5 Qd7 20. c4 Bf6
21. Qd2 h6 22. b4 c6 23. Bb6 Rc8 24. dxc6 Rxc6 25. c5 Re6 26. b3 Qe7 27. Re1 d5
28. Rxe6 Rxe6 29. Qxd5 Re1+ 30. Rxe1 Qxe1+ 31. Kh2 Be5+ 32. g3 Qxf2+ 33. Qg2
Qxg2+ 34. Kxg2 f5 35. Kf3 Kf7 36. Kf2 Ke6 37. Kf3 Kd5 38. Kf2 g5 39. Kf3 Kc6
40. Ba5 Kb5 41. Kf2 Bc3 42. Ke3 Be1 43. Kf3 Bxb4 44. Bb6 Bxc5 45. Bxc5 Kxc5 0-1

[Event "DEM U12/U12w 2014"]
[Site "Magdeburg GER"]
[Date "2014.06.13"]
[Round "10"]
[White "Biermann, Lenhard"]
[Black "Recktenwald, Cedric"]
[Result "1/2-1/2"]
[Termination "normal"]
[Board "28"]
[WhiteElo "1535"]
[BlackElo "1435"]
[PlyCount "55"]
[WhiteFideId "12970077"]
[BlackFideId "12971928"]
[EventCountry "GER"]
[EventRounds "11"]
[EventType "swiss"]
[EventDate "2014.06.07"]

1. d4 e6 2. c4 Nf6 3. Nc3 Bb4 4. Qc2 b6 5. a3 Bxc3+ 6. Qxc3 Ne4 7. Qc2 Bb7 8.
e3 d6 9. Ne2 O-O 10. Nc3 f5 11. f3 Qh4+ 12. Ke2 Ng3+ 13. hxg3 Qxh1 14. Kf2 Qh5
15. Bd3 e5 16. dxe5 dxe5 17. e4 f4 18. Nd5 fxg3+ 19. Kxg3 Na6 20. b4 c6 21.
Ne7+ Kh8 22. Nf5 Rad8 23. Bb2 g6 24. Ne3 Qg5+ 25. Kf2 h5 26. Rh1 Kg7 27. c5 b5
28. Qc3 1/2-1/2

[Event "DEM U12/U12w 2014"]
[Site "Magdeburg GER"]
[Date "2014.06.13"]
[Round "10"]
[White "Voß, Henrike"]
[Black "Garbuz, Nicole"]
[Result "1-0"]
[Termination "normal"]
[Board "29"]
[WhiteElo "1456"]
[BlackElo "1389"]
[PlyCount "53"]
[WhiteFideId "12971910"]
[BlackFideId "12990701"]
[EventCountry "GER"]
[EventRounds "11"]
[EventType "swiss"]
[EventDate "2014.06.07"]

1. e4 e5 2. Nf3 Nc6 3. Bc4 Nf6 4. d4 exd4 5. O-O Bc5 6. e5 d5 7. exf6 dxc4 8.
fxg7 Rg8 9. Re1+ Be6 10. Ng5 Qd5 11. Nc3 Qf5 12. Nce4 O-O-O 13. Nxc5 Qxc5 14.
Nxe6 fxe6 15. Qg4 Qf5 16. Qg5 Qxg5 17. Bxg5 Rde8 18. Bf6 e5 19. g4 h6 20. h4
Re6 21. g5 hxg5 22. hxg5 Kd7 23. Kg2 Ne7 24. Rxe5 Rxe5 25. Bxe5 Nf5 26. Rh1 Ke6
27. Rh8 1-0

[Event "DEM U12/U12w 2014"]
[Site "Magdeburg GER"]
[Date "2014.06.13"]
[Round "10"]
[White "Flach, Helene"]
[Black "Weimert, Miriam"]
[Result "1/2-1/2"]
[Termination "normal"]
[Board "30"]
[WhiteElo "1657"]
[BlackElo "1562"]
[PlyCount "79"]
[WhiteFideId "12929735"]
[BlackFideId "12966703"]
[EventCountry "GER"]
[EventRounds "11"]
[EventType "swiss"]
[EventDate "2014.06.07"]

1. e4 e5 2. Nf3 Nf6 3. Nxe5 d6 4. Nf3 Nxe4 5. d4 d5 6. Bd3 Nc6 7. O-O Be7 8. c4
Nf6 9. Nc3 O-O 10. Re1 Bg4 11. cxd5 Nxd5 12. Nxd5 Qxd5 13. Be4 Qd7 14. Qa4 Rfe8
15. h3 Bxf3 16. Bxf3 Bd6 17. Rxe8+ Rxe8 18. Be3 Qe7 19. Bxc6 bxc6 20. Qxc6 Qe6
21. Rc1 h6 22. b3 a6 23. Kf1 a5 24. Re1 Qc8 25. Bd2 Rxe1+ 26. Bxe1 Qf5 27. Qc4
Qb1 28. Qe2 Kf8 29. f3 Bg3 30. Qe4 Qa1 31. Qa8+ Ke7 32. Qxa5 Qd1 33. Qd2 Qb1
34. Qe3+ Kd6 35. Qd2 Kd7 36. b4 Bxe1 37. Qxe1 Qxa2 38. Qe2 Qb1+ 39. Qe1 Qd3+
40. Qe2 1/2-1/2

[Event "DEM U12/U12w 2014"]
[Site "Magdeburg GER"]
[Date "2014.06.13"]
[Round "10"]
[White "Hermanns, Till"]
[Black "Wastian, Mareike"]
[Result "1/2-1/2"]
[Termination "normal"]
[Board "31"]
[WhiteElo "1449"]
[BlackElo "1571"]
[PlyCount "89"]
[WhiteFideId "12972347"]
[BlackFideId "12947423"]
[EventCountry "GER"]
[EventRounds "11"]
[EventType "swiss"]
[EventDate "2014.06.07"]

1. d4 d5 2. c4 e6 3. Nf3 c5 4. e3 Nf6 5. Nc3 Nc6 6. a3 a6 7. Bd3 dxc4 8. Bxc4
b5 9. Ba2 Bb7 10. O-O Bd6 11. dxc5 Bxc5 12. Qxd8+ Rxd8 13. b4 Bb6 14. Bb2 O-O
15. Rfd1 Rc8 16. Bb3 Rfd8 17. Ne2 Ne8 18. Ned4 Nc7 19. Nxc6 Bxc6 20. Rxd8+ Rxd8
21. Rd1 Rxd1+ 22. Bxd1 Nd5 23. Nd4 Bb7 24. Nb3 Bc8 25. Nc5 Bc7 26. g3 g6 27.
Kf1 Kf8 28. Ke1 Nb6 29. Bb3 Nd7 30. Nxd7+ Bxd7 31. Kd2 Ke7 32. Bd4 Bc6 33. Bc5+
Kf6 34. Kd3 Kf5 35. Ke2 Bg2 36. Bc2+ Be4 37. g4+ Ke5 38. f4+ Kd5 39. Bb3+ Kc6
40. a4 Bd5 41. axb5+ axb5 42. Bxd5+ Kxd5 43. Kd3 Kc6 44. h4 Kd5 45. Be7 1/2-1/2

[Event "DEM U12/U12w 2014"]
[Site "Magdeburg GER"]
[Date "2014.06.13"]
[Round "10"]
[White "Schäfer, Nicolas"]
[Black "Wurst, Benedikt"]
[Result "1/2-1/2"]
[Termination "normal"]
[Board "32"]
[WhiteElo "1337"]
[BlackElo "1403"]
[PlyCount "64"]
[WhiteFideId "12988901"]
[BlackFideId "12991791"]
[EventCountry "GER"]
[EventRounds "11"]
[EventType "swiss"]
[EventDate "2014.06.07"]

1. d4 d5 2. c4 e6 3. Bf4 Nf6 4. e3 Be7 5. Nc3 Nbd7 6. Nf3 b6 7. Bd3 Bb7 8. O-O
O-O 9. Re1 Rc8 10. h3 dxc4 11. Bxc4 c5 12. Bd3 cxd4 13. exd4 Re8 14. Bc2 Nf8
15. Rc1 Bxf3 16. Qxf3 Qxd4 17. Be5 Qc4 18. Na4 Qb5 19. b3 N8d7 20. Bb2 Red8 21.
Nc3 Qc6 22. Ne4 Nxe4 23. Bxe4 Qd6 24. Rcd1 Qb8 25. Re2 Nf6 26. Red2 Rxd2 27.
Rxd2 Nxe4 28. Qxe4 Rd8 29. Rd3 Rxd3 30. Qxd3 Qd6 31. Qf3 a5 32. h4 f6 1/2-1/2

[Event "DEM U12/U12w 2014"]
[Site "Magdeburg GER"]
[Date "2014.06.13"]
[Round "10"]
[White "Reitz, Theresa"]
[Black "Wienhold, Nadine"]
[Result "1/2-1/2"]
[Termination "normal"]
[Board "33"]
[WhiteElo "1484"]
[BlackElo "1342"]
[PlyCount "49"]
[WhiteFideId "12971901"]
[BlackFideId "12964514"]
[EventCountry "GER"]
[EventRounds "11"]
[EventType "swiss"]
[EventDate "2014.06.07"]

1. e4 c5 2. Nf3 Nc6 3. c3 g6 4. Bb5 Bg7 5. d3 e6 6. Be3 Nge7 7. O-O O-O 8. Bxc5
d6 9. Be3 a6 10. Ba4 b5 11. Bc2 d5 12. Nbd2 d4 13. cxd4 Nxd4 14. Nxd4 Bxd4 15.
Bxd4 Qxd4 16. Nf3 Qxb2 17. Qd2 Bb7 18. Qh6 Qg7 19. Qe3 Rfd8 20. Rac1 Rd7 21.
Bb3 Nc6 22. Rfd1 Nd4 23. Nxd4 Qxd4 24. Qxd4 Rxd4 25. Rc7 1/2-1/2

[Event "DEM U12/U12w 2014"]
[Site "Magdeburg GER"]
[Date "2014.06.13"]
[Round "10"]
[White "Du, Jessica"]
[Black "Liebeck, Eddie"]
[Result "0-1"]
[Termination "normal"]
[Board "34"]
[WhiteElo "1241"]
[BlackElo "1676"]
[PlyCount "106"]
[WhiteFideId "12988529"]
[BlackFideId "12945854"]
[EventCountry "GER"]
[EventRounds "11"]
[EventType "swiss"]
[EventDate "2014.06.07"]

1. e4 e5 2. Nf3 Nf6 3. Nc3 Nc6 4. d4 exd4 5. Nxd4 Bc5 6. Be3 Nxd4 7. Bxd4 Bb4
8. Bd3 d6 9. a3 Ba5 10. Qe2 Bb6 11. Bxb6 axb6 12. e5 dxe5 13. Qxe5+ Qe7 14.
Qxe7+ Kxe7 15. O-O-O Re8 16. Rhe1+ Kf8 17. h4 Rxe1 18. Rxe1 Be6 19. Ne4 Ke7 20.
g3 h6 21. Kd2 Nxe4+ 22. Rxe4 Kf8 23. Rb4 Bd5 24. Rd4 c6 25. f4 Re8 26. Kc3 Re3
27. g4 Rh3 28. h5 Rg3 29. f5 Ke7 30. Kd2 Bf3 31. Be2 Rg2 32. Rf4 Rxe2+ 33. Kd3
Bxg4 34. Rxg4 Re5 35. Re4 Kf6 36. Rxe5 Kxe5 37. Ke3 Kxf5 38. Kf3 Kg5 39. c4
Kxh5 40. b4 g5 41. c5 b5 42. Kg3 f5 43. Kf3 g4+ 44. Kg3 Kg5 45. Kf2 f4 46. Kg2
g3 47. Kf3 Kf5 48. Kg2 Kg4 49. Kg1 f3 50. Kf1 f2 51. Ke2 Kf4 52. Kd3 f1=Q+ 53.
Kd4 Qc4# 0-1

[Event "DEM U12/U12w 2014"]
[Site "Magdeburg GER"]
[Date "2014.06.13"]
[Round "10"]
[White "Petrow, Jonas"]
[Black "Lesny, Florian"]
[Result "0-1"]
[Termination "normal"]
[Board "35"]
[WhiteElo "1220"]
[BlackElo "1549"]
[PlyCount "74"]
[WhiteFideId "12991805"]
[BlackFideId "12973874"]
[EventCountry "GER"]
[EventRounds "11"]
[EventType "swiss"]
[EventDate "2014.06.07"]

1. d4 d5 2. e3 Nf6 3. Bd3 e6 4. f4 Nbd7 5. Nf3 c5 6. c3 Be7 7. O-O O-O 8. Nbd2
b6 9. Ne5 Nxe5 10. fxe5 Nd7 11. b3 f6 12. Qh5 f5 13. Rf3 g6 14. Qh3 Rf7 15. Rf1
Rb8 16. c4 Bb7 17. cxd5 Bxd5 18. Bc4 Bxc4 19. bxc4 Nf8 20. Nb3 Rc8 21. Bb2 cxd4
22. exd4 Rxc4 23. Qd3 Rc8 24. Rad1 Bg5 25. d5 exd5 26. Qxd5 Qxd5 27. Rxd5 Re7
28. Rd6 Rc2 29. Ba3 Rxa2 30. Bb4 Rxe5 31. Rfd1 Re8 32. Nd4 Be7 33. Nc6 Bxd6 34.
Rxd6 Ree2 35. g3 Ra1+ 36. Rd1 Rxd1+ 37. Be1 Rdxe1# 0-1

[Event "DEM U12/U12w 2014"]
[Site "Magdeburg GER"]
[Date "2014.06.13"]
[Round "10"]
[White "Wolterink, Jule"]
[Black "Hüls, Maximilian"]
[Result "0-1"]
[Termination "normal"]
[Board "36"]
[WhiteElo "943"]
[BlackElo "1638"]
[PlyCount "156"]
[WhiteFideId "12981206"]
[BlackFideId "12949698"]
[EventCountry "GER"]
[EventRounds "11"]
[EventType "swiss"]
[EventDate "2014.06.07"]

1. c4 e6 2. Nc3 d5 3. e3 c6 4. Nf3 Bd6 5. Be2 Nf6 6. O-O O-O 7. b3 e5 8. d3 Be6
9. Bb2 Nbd7 10. Qc2 Qe7 11. Rfe1 a6 12. e4 d4 13. Nb1 Rac8 14. Nbd2 b5 15. h3
h6 16. Rac1 Bb4 17. Rf1 Nb6 18. Nh2 bxc4 19. Nxc4 Nxc4 20. bxc4 Bc5 21. Nf3 Nd7
22. Rb1 Rb8 23. Bc1 Rxb1 24. Qxb1 Rb8 25. Qc2 f6 26. Bd2 Qf8 27. Rb1 Qc8 28.
Qc1 Rb7 29. Rxb7 Qxb7 30. Nh4 Qb8 31. Qc2 Qb6 32. Qc1 Bb4 33. Bxb4 Qxb4 34. Nf3
Nc5 35. a3 Qb3 36. Ne1 Kf7 37. Qc2 Qxa3 38. Kh2 Qb4 39. Qd1 a5 40. Nc2 Qb3 41.
Kg1 a4 42. Na1 Qb2 43. Nc2 a3 44. Bh5+ g6 45. Be2 a2 46. Kh2 Nb3 47. Kg1 a1=Q
48. Nxa1 Nxa1 49. Bf3 Nb3 50. Be2 Nc5 51. Kh2 Qb3 52. Qd2 Kg7 53. Kg1 f5 54.
exf5 Bxf5 55. Bf3 Qxd3 56. Qb4 Qb1+ 57. Qxb1 Bxb1 58. Bxc6 Bd3 59. Bb5 Nb7 60.
Ba6 Nd6 61. f3 Bxc4 62. Bxc4 Nxc4 63. Kf2 d3 64. Ke1 Kf6 65. Kd1 Kf5 66. Ke1 e4
67. fxe4+ Kxe4 68. Kd1 Ke3 69. Ke1 d2+ 70. Kd1 Nb2+ 71. Kc2 d1=Q+ 72. Kc3 Qd3+
73. Kb4 Qc4+ 74. Ka5 Qb3 75. Ka6 Nc4 76. Ka7 Nd6 77. Ka6 Qb5+ 78. Ka7 Qb7# 0-1

[Event "DEM U12/U12w 2014"]
[Site "Magdeburg GER"]
[Date "2014.06.13"]
[Round "10"]
[White "Wenzel, Calvin"]
[Black "Ziegenfuß, Larissa"]
[Result "1-0"]
[Termination "normal"]
[Board "37"]
[WhiteElo "1432"]
[BlackElo "1587"]
[PlyCount "75"]
[WhiteFideId "12973920"]
[BlackFideId "12974722"]
[EventCountry "GER"]
[EventRounds "11"]
[EventType "swiss"]
[EventDate "2014.06.07"]

1. e4 g6 2. d4 Bg7 3. f4 d6 4. Nf3 Nd7 5. Nc3 Ngf6 6. e5 dxe5 7. fxe5 Ng8 8.
Bc4 e6 9. O-O Ne7 10. Ng5 O-O 11. Bxe6 Nf5 12. Bxf7+ Rxf7 13. Nxf7 Kxf7 14. g4
Nb6 15. gxf5 gxf5 16. Qh5+ Kg8 17. Be3 Be6 18. b3 Qd7 19. Rad1 c6 20. Bh6 Rf8
21. Qg5 Rf7 22. Rf2 Kf8 23. Rg2 Bxh6 24. Qxh6+ Ke7 25. Rg7 Kd8 26. Rxf7 Bxf7
27. Qxh7 Qe8 28. Qxf5 Qg8+ 29. Kf2 Be6 30. Qf6+ Kc7 31. Rg1 Qc8 32. Rg7+ Kb8
33. Re7 Nd5 34. Nxd5 Bxd5 35. Qd6+ Ka8 36. Qd7 Qf8+ 37. Ke1 Bf7 38. Qxb7# 1-0

[Event "DEM U12/U12w 2014"]
[Site "Magdeburg GER"]
[Date "2014.06.13"]
[Round "10"]
[White "Arnold, Leander"]
[Black "Leimbach, Tim Vincent"]
[Result "1/2-1/2"]
[Termination "normal"]
[Board "38"]
[WhiteElo "1402"]
[BlackElo "1284"]
[PlyCount "71"]
[WhiteFideId "12990230"]
[BlackFideId "12988600"]
[EventCountry "GER"]
[EventRounds "11"]
[EventType "swiss"]
[EventDate "2014.06.07"]

1. d4 Nf6 2. Nd2 d5 3. e3 Bf5 4. Ngf3 e6 5. c4 Nbd7 6. Be2 Be7 7. O-O O-O 8.
Nh4 Bg4 9. Nhf3 Rb8 10. c5 c6 11. a4 b6 12. b4 bxc5 13. bxc5 Re8 14. h3 Bh5 15.
Nb3 Ne4 16. Qc2 Rb7 17. Ba6 Rb8 18. Nfd2 Bg6 19. Nxe4 Bxe4 20. Qd1 Qc7 21. Bd2
Ra8 22. Bc3 Nb8 23. Bd3 Bxd3 24. Qxd3 Nd7 25. Rab1 Nf6 26. Nd2 Rab8 27. Qa6 h6
28. Qd3 Rxb1 29. Rxb1 Rb8 30. Rxb8+ Qxb8 31. Qa6 Qc7 32. Ba5 Qd7 33. Nb3 Kh7
34. Bb4 Bd8 35. Ba5 Be7 36. Bb4 1/2-1/2

[Event "DEM U12/U12w 2014"]
[Site "Magdeburg GER"]
[Date "2014.06.13"]
[Round "10"]
[White "Paulweber, Lara Maria"]
[Black "Eulitz, Charlotte"]
[Result "1-0"]
[Termination "normal"]
[Board "39"]
[WhiteElo "1386"]
[BlackElo "1191"]
[PlyCount "105"]
[WhiteFideId "12954411"]
[BlackFideId "12964654"]
[EventCountry "GER"]
[EventRounds "11"]
[EventType "swiss"]
[EventDate "2014.06.07"]

1. e4 e5 2. Nf3 Nc6 3. d4 exd4 4. Nxd4 Bb4+ 5. c3 Bc5 6. Nxc6 bxc6 7. Bc4 Ne7
8. Bxf7+ Kxf7 9. Qh5+ Kg8 10. Qxc5 h6 11. Bf4 Kh7 12. Bxc7 Qe8 13. Nd2 Ng6 14.
Bg3 d5 15. Qe3 Be6 16. O-O-O dxe4 17. Nxe4 Bxa2 18. Rd4 Qe7 19. c4 c5 20. Rd5
Bxc4 21. Rxc5 Rac8 22. Rxc8 Rxc8 23. Kb1 Rd8 24. Nc5 Bd5 25. Qxe7 Nxe7 26. f3
Ra8 27. Ne4 a5 28. Bd6 Nc6 29. Rd1 Bxe4+ 30. fxe4 Rd8 31. Kc1 Kg6 32. Bf4 Rc8
33. Rd6+ Kf7 34. Rd7+ Kf6 35. Rc7 Rxc7 36. Bxc7 Ke6 37. Kc2 a4 38. Kc3 g5 39.
Kc4 h5 40. Kb5 Kd7 41. Ba5 Ne5 42. Kxa4 Kc6 43. b4 Kb7 44. b5 Nd7 45. Kb4 Ne5
46. Kc3 g4 47. Kd4 Nd7 48. e5 Nf8 49. Kd5 Nh7 50. Kd6 Ng5 51. Kd7 Nf3 52. e6
Ne5+ 53. Kd8 1-0

[Event "DEM U12/U12w 2014"]
[Site "Magdeburg GER"]
[Date "2014.06.13"]
[Round "10"]
[White "Kirsten, Annika"]
[Black "Berelowitsch, Dana"]
[Result "1/2-1/2"]
[Termination "normal"]
[Board "40"]
[WhiteElo "1323"]
[BlackElo "1102"]
[PlyCount "67"]
[WhiteFideId "12961124"]
[BlackFideId "12977144"]
[EventCountry "GER"]
[EventRounds "11"]
[EventType "swiss"]
[EventDate "2014.06.07"]

1. e4 e5 2. Nf3 Nf6 3. Nxe5 d6 4. Nf3 Nxe4 5. d4 d5 6. Bd3 Nc6 7. O-O Be7 8.
Re1 Bf5 9. c4 Nb4 10. Bf4 Nxd3 11. Qxd3 Nd6 12. Qe2 Nxc4 13. Nc3 c6 14. b3 Nd6
15. Ng5 h6 16. Bxd6 Qxd6 17. Nf3 Be6 18. Ne5 O-O 19. Rac1 Bg5 20. Ra1 Qb4 21.
Qd3 Rfe8 22. Rad1 Re7 23. Qg3 Rae8 24. f4 Bf6 25. Rf1 Bf5 26. Rfe1 Bxe5 27.
fxe5 Kh8 28. Rf1 Bg6 29. Ne2 c5 30. Nf4 Be4 31. Nh5 Bg6 32. Nf4 Be4 33. Nh5 Bg6
34. Nf4 1/2-1/2

[Event "DEM U12/U12w 2014"]
[Site "Magdeburg GER"]
[Date "2014.06.13"]
[Round "10"]
[White "Kurzweil, Naemi"]
[Black "Kukulina, Sonja"]
[Result "0-1"]
[Termination "normal"]
[Board "41"]
[WhiteElo "1231"]
[BlackElo "1162"]
[PlyCount "86"]
[WhiteFideId "12985708"]
[BlackFideId "12977047"]
[EventCountry "GER"]
[EventRounds "11"]
[EventType "swiss"]
[EventDate "2014.06.07"]

1. e4 e5 2. Nf3 Nc6 3. Bc4 Nf6 4. d3 Bc5 5. Bg5 d6 6. Nc3 Be6 7. Nd5 h6 8.
Nxf6+ gxf6 9. Bxe6 fxg5 10. Bd5 Qd7 11. Qe2 O-O-O 12. a3 Rdf8 13. b4 Nd4 14.
Nxd4 Bxd4 15. Rb1 Bc3+ 16. Kd1 c6 17. Ba2 f5 18. a4 fxe4 19. Qxe4 Rxf2 20. b5
d5 21. bxc6 bxc6 22. Qe3 Qg4+ 23. Kc1 Bd2+ 24. Qxd2 Rxd2 25. Kxd2 Qxg2+ 26. Kc3
d4+ 27. Kb2 Qd2 28. Ka1 Qxc2 29. Rb2 Qxd3 30. Rhb1 Qc3 31. h3 e4 32. Be6+ Kc7
33. Ka2 d3 34. Rb7+ Kd6 35. Bf7 Qc2+ 36. R1b2 Qxa4+ 37. Kb1 Qa5 38. R7b4 c5 39.
Rxe4 d2 40. Re6+ Kc7 41. Bh5 Qc3 42. Ka2 Qc4+ 43. Kb1 Qxe6 0-1

[Event "DEM U12/U12w 2014"]
[Site "Magdeburg GER"]
[Date "2014.06.13"]
[Round "10"]
[White "Gauchel, Verena"]
[Black "Rapp, Lukas"]
[Result "1-0"]
[Termination "normal"]
[Board "42"]
[WhiteElo "1273"]
[BlackElo "1216"]
[PlyCount "77"]
[WhiteFideId "12988537"]
[BlackFideId "12989320"]
[EventCountry "GER"]
[EventRounds "11"]
[EventType "swiss"]
[EventDate "2014.06.07"]

1. d4 Nf6 2. Nf3 e6 3. Bf4 Bb4+ 4. c3 Ba5 5. e3 d5 6. Qa4+ c6 7. Nbd2 Bd7 8.
Qc2 Bc7 9. Ne5 Nh5 10. Bg3 Nxg3 11. hxg3 Qf6 12. Ndf3 h6 13. Bd3 c5 14. Ng4 Qe7
15. b3 Nc6 16. Rd1 O-O-O 17. dxc5 Qxc5 18. b4 Nxb4 19. cxb4 Qxb4+ 20. Qd2 Qxg4
21. Rh4 e5 22. Rxg4 Bxg4 23. Be2 Rhe8 24. Nh2 Bxe2 25. Kxe2 d4 26. Rc1 Kb8 27.
Nf3 d3+ 28. Kf1 e4 29. Nd4 Bb6 30. Qb4 Rc8 31. Rxc8+ Rxc8 32. Nb3 f5 33. g4 g6
34. Qd6+ Rc7 35. Qxg6 Rc6 36. Qxf5 Rc1+ 37. Nxc1 d2 38. Qe5+ Kc8 39. Qc3+ 1-0

[Event "DEM U12/U12w 2014"]
[Site "Magdeburg GER"]
[Date "2014.06.13"]
[Round "10"]
[White "Ruppert, Paula"]
[Black "Kose, Robert Paul"]
[Result "0-1"]
[Termination "normal"]
[Board "43"]
[WhiteElo "1202"]
[BlackElo "1267"]
[PlyCount "105"]
[WhiteFideId "12979996"]
[BlackFideId "12982067"]
[EventCountry "GER"]
[EventRounds "11"]
[EventType "swiss"]
[EventDate "2014.06.07"]

1. e4 e5 2. Nf3 Nc6 3. d4 exd4 4. Bc4 Nf6 5. e5 d5 6. Bb5 Ne4 7. Nxd4 Bd7 8.
Bxc6 bxc6 9. O-O Bc5 10. Be3 Bb6 11. f3 Ng5 12. f4 Ne6 13. f5 Nxd4 14. Bxd4 Qg5
15. Bxb6 axb6 16. f6 gxf6 17. exf6 O-O-O 18. Qf3 Rhg8 19. a4 Rg6 20. a5 Qg4 21.
Qxg4 Bxg4 22. Kh1 Kb7 23. axb6 cxb6 24. Nd2 Rd6 25. Rae1 Rgxf6 26. Re7+ Kc8 27.
Ra1 Kd8 28. Rb7 Kc8 29. Rba7 Rf2 30. Ra8+ Kd7 31. Nf3 Bxf3 32. gxf3 Rf6 33.
R1a7+ Kd6 34. b4 R2xf3 35. Rd8+ Ke5 36. Re7+ Re6 37. Rxe6+ fxe6 38. Rb8 b5 39.
Rc8 Rc3 40. Rh8 Rxc2 41. Rxh7 d4 42. Rh5+ Kd6 43. h4 d3 44. Rg5 d2 45. Rg1 Rc1
46. Kh2 Rxg1 47. Kxg1 d1=Q+ 48. Kg2 Ke5 49. h5 Qxh5 50. Kg3 Ke4 51. Kf2 Qf3+
52. Kg1 Qe2 53. Kh1 0-1

[Event "DEM U12/U12w 2014"]
[Site "Magdeburg GER"]
[Date "2014.06.13"]
[Round "10"]
[White "Wanschura, David"]
[Black "Fricke, Edna Marlene"]
[Result "1-0"]
[Termination "normal"]
[Board "44"]
[WhiteElo "1220"]
[BlackElo "1081"]
[PlyCount "137"]
[WhiteFideId "12982946"]
[BlackFideId "12988839"]
[EventCountry "GER"]
[EventRounds "11"]
[EventType "swiss"]
[EventDate "2014.06.07"]

1. d4 d5 2. c4 e6 3. Nc3 Nf6 4. Bg5 Be7 5. Nf3 O-O 6. e3 Nbd7 7. Qb3 a6 8. cxd5
exd5 9. Nxd5 Nxd5 10. Qxd5 Nf6 11. Qxd8 Rxd8 12. Bd3 h6 13. Bxf6 Bxf6 14. O-O
b6 15. Be4 Rb8 16. Rac1 c5 17. dxc5 bxc5 18. b3 Be7 19. Ne5 Bb7 20. Bxb7 Rxb7
21. Nc6 Rd2 22. Nxe7+ Rxe7 23. Rxc5 Rxa2 24. Rc6 Ra7 25. Rb1 a5 26. Rb6 a4 27.
bxa4 R7xa4 28. h3 Re4 29. R6b2 Rxb2 30. Rxb2 f5 31. g3 g6 32. Kg2 Kf7 33. Kf3
Rc4 34. Rd2 Rc6 35. Rd4 Kf6 36. e4 Re6 37. exf5 gxf5 38. Rf4 Re5 39. Rh4 Kg6
40. Ra4 h5 41. Ra6+ Kf7 42. Rh6 Kg7 43. Rxh5 Kg6 44. Rh4 Re7 45. Rd4 Rg7 46. g4
fxg4+ 47. Rxg4+ Kf6 48. Rxg7 Kxg7 49. Kg4 Kg6 50. f4 Kg7 51. Kg5 Kf7 52. h4 Kg7
53. h5 Kf7 54. h6 Ke6 55. h7 Kd5 56. h8=Q Kc5 57. Qe5+ Kc4 58. Qd6 Kc3 59. Qd5
Kb4 60. Qc6 Kb3 61. Qc5 Kb2 62. Qc4 Kb1 63. Qe2 Kc1 64. Kf5 Kb1 65. Qd2 Ka1 66.
Ke4 Kb1 67. Kd3 Ka1 68. Kc3 Kb1 69. Qb2# 1-0

[Event "DEM U12/U12w 2014"]
[Site "Magdeburg GER"]
[Date "2014.06.13"]
[Round "10"]
[White "Svane, Freja"]
[Black "Reuker, Ronja"]
[Result "0-1"]
[Termination "normal"]
[Board "45"]
[WhiteElo "1031"]
[BlackElo "945"]
[PlyCount "56"]
[WhiteFideId "12940100"]
[BlackFideId "12947172"]
[EventCountry "GER"]
[EventRounds "11"]
[EventType "swiss"]
[EventDate "2014.06.07"]

1. e4 e5 2. Nf3 Nc6 3. Bb5 Bc5 4. d3 Nd4 5. Bc4 d6 6. c3 Ne6 7. O-O Nf6 8. Bg5
Nxg5 9. Nxg5 O-O 10. Nd2 Bg4 11. Qb3 Bh5 12. Rab1 Rb8 13. Rfe1 Ng4 14. Ngf3
Bxf2+ 15. Kf1 Bxe1 16. Rxe1 Qf6 17. Kg1 Nh6 18. d4 g5 19. dxe5 dxe5 20. Qb5
Rfe8 21. Rc1 g4 22. Nd4 Qf4 23. Rc2 g3 24. hxg3 Qe3+ 25. Kf1 Bd1 26. Rc1 Qxd2
27. Rb1 exd4 28. cxd4 Rxe4 0-1

[Event "DEM U12/U12w 2014"]
[Site "Magdeburg GER"]
[Date "2014.06.13"]
[Round "10"]
[White "Weiten, Teresa"]
[Black "Kemke, Annabelle"]
[Result "1-0"]
[Termination "normal"]
[Board "46"]
[WhiteElo "1137"]
[BlackElo "855"]
[PlyCount "59"]
[WhiteFideId "12971944"]
[BlackFideId "12991821"]
[EventCountry "GER"]
[EventRounds "11"]
[EventType "swiss"]
[EventDate "2014.06.07"]

1. e4 e5 2. Nf3 Nc6 3. Nc3 Nf6 4. d4 exd4 5. Nxd4 Bc5 6. Be3 Nxd4 7. Bxd4 Bb4
8. Bd3 d6 9. O-O O-O 10. Qf3 Bc5 11. Bxc5 dxc5 12. Rfe1 Bg4 13. Qg3 Qd7 14. f3
Be6 15. Rad1 Qd4+ 16. Kh1 Qb4 17. Qxc7 Rac8 18. Qg3 Qxb2 19. Nd5 Bxd5 20. exd5
c4 21. Bf5 Rc5 22. Qh3 g6 23. Bg4 Nxg4 24. Qxg4 Qxc2 25. d6 Rd8 26. d7 Kf8 27.
Qh4 g5 28. Qh6+ Kg8 29. Re8+ Rxe8 30. dxe8=Q# 1-0

[Event "DEM U12/U12w 2014"]
[Site "Magdeburg GER"]
[Date "2014.06.13"]
[Round "10"]
[White "Leib, Amina"]
[Black "Albert, Eske"]
[Result "0-1"]
[Termination "normal"]
[Board "47"]
[WhiteElo "1076"]
[BlackElo "893"]
[PlyCount "114"]
[WhiteFideId "12982970"]
[BlackFideId "12991813"]
[EventCountry "GER"]
[EventRounds "11"]
[EventType "swiss"]
[EventDate "2014.06.07"]

1. e4 e5 2. Nf3 Nc6 3. Bc4 Bc5 4. O-O Nf6 5. d3 h6 6. c3 d5 7. exd5 Nxd5 8. d4
exd4 9. cxd4 Be7 10. h3 Nf6 11. d5 Nb4 12. a3 Nbxd5 13. Nc3 Nxc3 14. Qxd8+ Bxd8
15. bxc3 O-O 16. Re1 Re8 17. Bf4 Rxe1+ 18. Rxe1 Bf5 19. Nd4 g6 20. Nxf5 gxf5
21. Bxh6 c5 22. Re5 Kh7 23. Bf4 Bc7 24. Rxf5 Bxf4 25. Rxf6 Be5 26. Rxf7+ Kg6
27. Rxb7 Bxc3 28. f4 Bd2 29. Rf7 Be3+ 30. Kh1 Rd8 31. g3 Rd1+ 32. Kg2 a5 33.
f5+ Kh6 34. f6 Rd6 35. Kf3 Bd4 36. Rf8 Bxf6 37. Rh8+ Bxh8 38. Ke4 Rd2 39. Ke3
Rd4 40. h4 Rxc4 41. Kd3 Rc3+ 42. Kd2 Rxa3 43. Kc2 Rxg3 44. Kb1 Rg2 45. h5 c4
46. Kc1 a4 47. Kb1 c3 48. Kc1 a3 49. Kb1 c2+ 50. Ka2 c1=Q+ 51. Kb3 Qe3+ 52. Kc4
Rg4+ 53. Kd5 Qg5+ 54. Ke6 Rf4 55. Kd6 Rf6+ 56. Kd7 Qg7+ 57. Ke8 Rf8# 0-1

[Event "DEM U12/U12w 2014"]
[Site "Magdeburg GER"]
[Date "2014.06.14"]
[Round "11"]
[White "Kopylov, Daniel"]
[Black "Rockmann, Jan-Okke"]
[Result "0-1"]
[Termination "normal"]
[Board "1"]
[WhiteElo "1813"]
[BlackElo "1873"]
[WhiteClock "00:01:34"]
[BlackClock "00:27:46"]
[PlyCount "78"]
[WhiteFideId "12921971"]
[BlackFideId "12942111"]
[EventCountry "GER"]
[EventRounds "11"]
[EventType "swiss"]
[EventDate "2014.06.07"]

1. e4 c5 2. Nf3 Nc6 3. d4 cxd4 4. Nxd4 Nf6 5. Nc3 d6 6. Bg5 e6 7. f3 Qb6 8. Nb3
Be7 9. Qd2 O-O 10. O-O-O a6 11. h4 Rd8 12. g4 Qc7 13. Bf4 b5 14. h5 b4 15. Na4
Ne5 16. Be2 a5 17. Qe3 Qc6 18. Nb6 a4 19. Nxc8 Rdxc8 20. Nd4 Qc5 21. Kb1 Nc4
22. Bxc4 Qxc4 23. Qe2 d5 24. g5 dxe4 25. gxf6 Bxf6 26. Qxe4 b3 27. cxb3 axb3
28. a3 Rd8 29. Ne2 Qc8 30. Rc1 Qa6 31. h6 Bxb2 32. hxg7 h6 33. Rxh6 Bxg7 34.
Rg1 Kf8 35. Qb4+ Ke8 36. Nc1 b2 37. Nb3 Qd3+ 38. Ka2 b1=Q+ 39. Rxb1 Qc2+ 0-1